[Event "Sportaccord WMG Blindfold w"]
[Site "Beijing CHN"]
[Date "2011.12.16"]
[Round "7"]
[White "Socko, Monika"]
[Black "Harika, Dronavalli"]
[Result "0-1"]
[WhiteTitle "GM"]
[BlackTitle "GM"]
[WhiteElo "2479"]
[BlackElo "2512"]
[WhiteFideId "1106619"]
[BlackFideId "5015197"]
[EventDate "2011.12.14"]

1. d4 Nf6 2. c4 g6 3. Nc3 Bg7 4. e4 O-O 5. f3 Nc6 6. Be3 e5 7. Nge2 Nh5 8. d5
Na5 9. Nc1 b6 10. Qd2 d6 11. Nb3 Nxb3 12. axb3 Bd7 13. b4 a6 14. c5 bxc5 15.
bxc5 Bb5 16. Bxb5 axb5 17. Rxa8 Qxa8 18. cxd6 cxd6 19. Nxb5 Qa6 20. Nc3 Nf4 21.
Bxf4 exf4 22. Ne2 Rb8 23. b4 Qa1+ 24. Qd1 Qa7 25. Qb1 Qe3 26. Qc1 Qb6 27. Qd2
Ra8 28. Nc1 Bd4 29. Ke2 Be3 30. Qc2 Ra1 31. Rd1 h5 32. Nd3 Ra3 33. Rb1 Bg1 34.
Rb3 Qe3+ 35. Kd1 Ra1+ 36. Rb1 Ra3 37. Rb3 Ra1+ 38. Rb1 Ra8 39. Qd2 Qb6 40. h3
Ra3 41. Ke2 Qa7 42. b5 Be3 43. Qc2 Bd4 44. Qc8+ Kh7 45. Rc1 Bg1 46. Rc3 Ra2+ 47.
Kd1 Qe3 48. Nb2 Ra1+ 49. Kc2 Qe2+ 50. Kb3 Qxb5+ 51. Kc2 Be3 52. Qc4 Rc1+ 53. Kd3
Qxb2 54. Rxc1 Bxc1 55. Qa4 Qd2+ 56. Kc4 Bb2 57. Qe8 Qc3+ 58. Kb5 Qb3+ 59. Ka6
Kg7 60. Qe7 Be5 61. Qd7 Qb2 62. Ka7 Qxg2 63. Kb7 Qxf3 64. Kc8 Qxe4 65. Kd8 Qf5
66. Qc7 f3 67. h4 Bf6+ 68. Ke8 Qe5+ 69. Kd7 Qe7+ 0-1

[Event "Sportaccord WMG Blindfold w"]
[Site "Beijing CHN"]
[Date "2011.12.16"]
[Round "7"]
[White "Skripchenko, Almira"]
[Black "Danielian, Elina"]
[Result "0-1"]
[WhiteTitle "IM"]
[BlackTitle "GM"]
[WhiteElo "2468"]
[BlackElo "2497"]
[WhiteFideId "13900145"]
[BlackFideId "13300210"]
[EventDate "2011.12.14"]

1. e4 c6 2. d4 d5 3. Nc3 dxe4 4. Nxe4 Nf6 5. Nxf6+ gxf6 6. c3 Nd7 7. Bd3 Nb6 8.
Ne2 h5 9. Qc2 Rg8 10. h4 Bg4 11. f3 Bd7 12. Nf4 Qc7 13. Nxh5 Nd5 14. Be4 O-O-O
15. Bxd5 cxd5 16. Be3 Rh8 17. Nf4 e5 18. Ne2 Rg8 19. g3 Bb5 20. O-O-O Qc4 21.
Rde1 Qxa2 22. h5 Kb8 23. h6 Qa6 24. Kd2 Qe6 25. h7 Rh8 26. g4 e4 27. Ng3 Bd3 28.
Qa4 Qb6 29. Qa1 Qb5 30. Bf4+ Ka8 31. fxe4 dxe4 32. Nxe4 Bxe4 33. Rxe4 f5 34. Re5
Qc6 35. Kc2 fxg4 36. Ra5 a6 37. b4 Bxb4 38. Ra4 Bxc3 39. Qxc3 Qxa4+ 40. Kd3 Qb5+
41. Kd2 Qd5 0-1

[Event "Sportaccord WMG Blindfold w"]
[Site "Beijing CHN"]
[Date "2011.12.16"]
[Round "7"]
[White "Muzychuk, Anna"]
[Black "Cramling, Pia"]
[Result "1-0"]
[WhiteTitle "IM"]
[BlackTitle "GM"]
[WhiteElo "2562"]
[BlackElo "2495"]
[WhiteFideId "14111330"]
[BlackFideId "1700030"]
[EventDate "2011.12.14"]

1. e4 c5 2. g3 d5 3. d3 Nc6 4. Nd2 e5 5. exd5 Qxd5 6. Ngf3 Be6 7. Bg2 f6 8. O-O
Qd7 9. Ne4 b6 10. a4 Rc8 11. Nfd2 Nh6 12. Nc4 Nf7 13. f4 f5 14. Nc3 e4 15. Be3
Be7 16. Qe2 Nd4 17. Qf2 O-O 18. Rad1 exd3 19. cxd3 Bf6 20. Rfe1 Rfe8 21. h3 Rb8
22. Kh2 Rbd8 23. Rd2 Qc7 24. Qf1 Nb3 25. Rc2 a6 26. a5 bxa5 27. Na4 Bd4 28. Rce2
Bxe3 29. Rxe3 Nd2 30. Nxd2 1-0